Lectures on quantum statistics /

Salvato in:
Dettagli Bibliografici
Autore principale: Bogoliubov, N. N. (Nikolai Nikolaevich), 1909-
Altri autori: Klein, Lewis, Glass, Solomon, Wells, N., Leggett, R., Haar, Dirk ter
Natura: Libro
Lingua:English
Ukrainian
Russian
Pubblicazione: New York : Gordon and Breach, [1967-70].
Edizione:Englsh ed.
Soggetti:
LEADER 01654cam a2200373 a 4500
001 c000380738
003 CARM
005 20110627114403.0
008 110627m19671970nyu 000 0 eng d
010 |a 66028060 
019 1 |a 3071229  |5 LACONCORD2021 
035 |a (OCoLC)945214  |5 LACONCORD2021 
040 |a ADFA 
041 1 |a eng  |a ukr  |a rus 
050 1 4 |a QC174.4  |b .B63 1967 
100 1 |a Bogoliubov, N. N.  |q (Nikolai Nikolaevich),  |d 1909- 
245 1 0 |a Lectures on quantum statistics /  |c by N.N. Bogoliubov. 
250 |a Englsh ed. 
260 |a New York :  |b Gordon and Breach,  |c [1967-70]. 
300 |a 2 v. 
500 |a Vol. 1 is a translation of [Lektsiï z kvantovoï statystyky] 
500 |a Vol. 2: Translated from the Russian. "The first three parts of this book appeared originally as Dubna preprints and are here translated for the first time. Part four of this volume is an article translated by D. ter Haar which appeared in Soviet physics uspekhi 2, 2 (1959)"--pref. 
505 0 |a v. 1. Quantum statistics -- v. 2. Quasi-averages. 
650 0 |a Quantum statistics. 
700 1 |a Klein, Lewis. 
700 1 |a Glass, Solomon. 
700 1 |a Wells, N. 
700 1 |a Leggett, R. 
700 1 |a Haar, Dirk ter. 
852 8 |b CARM  |h A2:AI13F0  |i C01501  |p 0143753  |j v.2  |f BK 
852 8 |b CARM  |h A1:AR33F0  |i C10893  |p 0503280  |j v.1  |f BK 
999 f f |i 938757ba-acdf-513b-acff-fb163da13f30  |s bc6b3c02-8a94-53b3-ae6f-76f5abdc4579 
952 f f |p Can circulate  |a CAVAL  |b CAVAL  |c CAVAL  |d CARM 1 Store  |e C01501  |f A2:AI13F0  |h Other scheme  |i book  |j v.2  |m 0143753 
952 f f |p Can circulate  |a CAVAL  |b CAVAL  |c CAVAL  |d CARM 1 Store  |e C10893  |f A1:AR33F0  |h Other scheme  |i book  |j v.1  |m 0503280